|
|
|
|
| LEADER |
01520nam a2200397 4500 |
| 001 |
ocn915085405 |
| 003 |
OCoLC |
| 005 |
20180501122026.0 |
| 006 |
m o d |
| 007 |
cr cnu---unuuu |
| 008 |
150729s2015 mauaf o 001 0 eng d |
| 040 |
|
|
|a OPELS
|b eng
|e rda
|e pn
|c OPELS
|d OCLCF
|d UAB
|d MEU
|d NLE
|d GrThAP
|
| 019 |
|
|
|a 931604005
|
| 020 |
|
|
|a 9780128023167
|
| 020 |
|
|
|a 0128023163
|
| 035 |
|
|
|a (OCoLC)915085405
|z (OCoLC)931604005
|
| 050 |
|
4 |
|a RC271.I45
|b .A383 2015eb
|
| 082 |
0 |
4 |
|a 616.99/406
|2 23
|
| 049 |
|
|
|a TEFA
|
| 245 |
0 |
0 |
|a Immunotherapy of Cancer /
|c edited by Xiang-Yang Wang and Paul B. Fisher.
|
| 264 |
|
1 |
|a Waltham, MA :
|b Academic Press,
|c 2015.
|
| 300 |
|
|
|a 1 online resource (xv, 375 pages, 14 unnumbered pages of plates :
|b illustrations (some color)).
|
| 336 |
|
|
|a text
|b txt
|2 rdacontent
|
| 337 |
|
|
|a computer
|b c
|2 rdamedia
|
| 338 |
|
|
|a online resource
|b cr
|2 rdacarrier
|
| 490 |
1 |
|
|a Advances in cancer research ;
|v volume 128
|
| 504 |
|
|
|a Includes bibliographical references and index.
|
| 546 |
|
|
|a Text in English.
|
| 588 |
0 |
|
|a Online resource; title from PDF title page (ScienceDirect, viewed July 29, 2015).
|
| 650 |
|
0 |
|a Cancer
|x Immunotherapy.
|
| 650 |
|
7 |
|a Cancer
|x Immunotherapy.
|2 fast
|0 (OCoLC)fst00845386
|
| 655 |
|
4 |
|a Electronic books.
|
| 700 |
1 |
|
|a Wang, Xiang-Yang,
|e editor.
|
| 700 |
1 |
|
|a Fisher, Paul B.,
|e editor.
|
| 830 |
|
0 |
|a Advances in cancer research ;
|v v. 128.
|
| 856 |
4 |
0 |
|u https://www.sciencedirect.com/science/bookseries/0065230X/128
|z Full Text via HEAL-Link
|